Bible Quiz (A-Z) - Statistics

General Stats
  • This quiz has been taken 27 times
  • The average score is 22 of 31
Answer Stats
Clue Question Answer % Correct
B Jesus' Birthplace Bethlehem
100%
C The three sons of Adam and Eve were: ____, Abel, Seth Cain
100%
D Second King of Israel, famous for defeating Goliath David
100%
G First Book of the Bible Genesis
100%
W In the wedding at Cana, Jesus turned the water into _____ Wine
100%
L The Four Gospel Books are: Matthew, Mark, ____, John Luke
95%
N Ark Builder Noah
95%
P Collection of Songs by King David Psalms
95%
R Last Book of the Bible Revelation
95%
J He was swallowed by the "Great Fish" Jonah
91%
M The person who received the 10 Commandments from God Moses
91%
O Revelation 1:8 "I am the Alpha and the _______," says the Lord God, "the one who is and who was and who is to come, the almighty." Omega
91%
A Term for one of Jesus' 12 Disciples Apostle
86%
S His power was linked to his Nazarite vow, symbolized by his long hair Samson
86%
V Thou shalt not take the name of the Lord thy God in ____ Vain
86%
T Holiest building in Jerusalem Temple
82%
BONUS River where Jesus was baptized Jordan
77%
BONUS Language that most of the New Testament written originally Greek
68%
X Persian emperor who appears in the Book of Esther Xerxes
59%
Z Another term for the promised land Zion
59%
BONUS Jacob's name was changed by God to ________ Israel
55%
F Matthew 4:19 "I will make you _______ of men." Fishers
50%
BONUS Human author who wrote most of the books in the New Testament Paul
50%
Y Matthew 11:30 "For my ____ is easy, and my burden is light." Yoke
50%
I First son of Abraham Ishmael
45%
BONUS Man who lived 969 years Methuselah
45%
U Type of bread to have on Passover Unleavened
45%
H She went up yearly to worship God in Shiloh, and one year prayed to God for a baby Hannah
41%
Q According to 1 Kings Chapter 10, which queen, when she heard of Solomon's wisdom, visited and brought him gifts? Queen of Sheba
18%
K Second wife of Abraham Keturah
9%
E First city mentioned in the Bible Enoch
0%
No matching quizzes found
Score Distribution
Percent of People with Each Score
Percentile by Number Answered
Your Score History
You have not taken this quiz